Podarí sa odblokovať finančné toky?

Súčasný stav finančného hospodárenia slovenských podnikov. Doterajšie opatrenia na riešenie platobnej neschopnosti. Zákon o revitalizácii podnikov. Odporúčania SOPK na riešenie platobnej neschopnosti.

Salvato in:
Dettagli Bibliografici
Autore principale: Vlčko, Ján
Natura: Capitolo di libro
Lingua:slovacco
Soggetti:
Tags: Aggiungi Tag
Nessun Tag, puoi essere il primo ad aggiungerne!!

MARC

LEADER 00000naa a2200000 4500
001 r032969
005 20230825100930.9
041 0 |a slo 
044 |a SK 
245 1 0 |a Podarí sa odblokovať finančné toky?  |c Ján Vlčko 
520 |a Súčasný stav finančného hospodárenia slovenských podnikov. Doterajšie opatrenia na riešenie platobnej neschopnosti. Zákon o revitalizácii podnikov. Odporúčania SOPK na riešenie platobnej neschopnosti. 
610 2 0 |a insolventnosť 
610 2 0 |a podnik 
610 2 0 |a hospodárenie podnikové 
610 2 0 |a Slovensko 
610 2 0 |a SOPK Bratislava 
610 2 0 |a opatrenia 
610 2 0 |a oživenie 
100 1 |a Vlčko, Ján